[Event "Schleswig Holstein-ch Seniors op 11th"]
[Site "Buesum"]
[Date "2017.09.08"]
[Round "1"]
[White "Oettel, Lothar"]
[Black "Petersen, Guenter"]
[Result "1-0"]
[WhiteElo "1937"]
[BlackElo "1615"]
[PlyCount "54"]
[EventDate "2017.09.08"]
[EventType "swiss"]
[EventRounds "9"]
[EventCountry "GER"]
[SourceTitle "EXT 2019"]
[Source "ChessBase"]
[SourceDate "2018.10.10"]
[SourceVersion "1"]
[SourceVersionDate "2018.10.10"]
[SourceQuality "1"]

1. d4 Nf6 2. c4 d5 3. e3 e6 4. Nc3 Nc6 5. Nf3 Bd6 6. b3 Bb4 7. Bd2 Ne4 8. Nxe4 dxe4 9. Ng1 Be7 10. Qg4 0-0 11. Qxe4 f5 12. Qc2 a5 13. Nf3 Bf6 14. Rd1 Qe7 15. Be2 b6 16. 0-0 Bb7 17. Bc3 Rad8 18. d5 exd5 19. cxd5 Nb4 20. Bxb4 axb4 21. Qxf5 Bc3 22. Qe6+ Qxe6 23. dxe6 Rde8 24. Rd7 Bf6 25. Rxc7 Re7 26. Rxe7 Bxe7 27. Rd1 h6 1-0

[Event "Schleswig Holstein-ch Seniors op 10th"]
[Site "Buesum"]
[Date "2016.10.04"]
[Round "9"]
[White "Samarian, Cornel"]
[Black "Petersen, Guenter"]
[Result "1/2-1/2"]
[WhiteElo "1668"]
[BlackElo "1619"]
[PlyCount "48"]
[EventDate "2016.09.26"]
[EventType "swiss"]
[EventRounds "9"]
[EventCountry "GER"]
[SourceTitle "EXT 2019"]
[Source "ChessBase"]
[SourceDate "2018.10.10"]
[SourceVersion "1"]
[SourceVersionDate "2018.10.10"]
[SourceQuality "1"]

1. d4 Nf6 2. Nf3 d5 3. Bf4 e6 4. e3 Bd6 5. Nc3 0-0 6. Be2 Nc6 7. 0-0 h6 8. Bxd6 cxd6 9. h3 e5 10. dxe5 dxe5 11. Nh2 d4 12. exd4 exd4 13. Nb1 Bf5 14. a3 Qb6 15. b3 Rad8 16. Nf3 Rfe8 17. Bd3 Bxd3 18. Qxd3 Nd5 19. g3 Nf6 20. Nbd2 Qc7 21. Rfe1 Qd7 22. Kg2 a6 23. b4 b5 24. Rab1 Qd5 1/2-1/2

[Event "Schleswig Holstein-ch Seniors op 9th"]
[Site "Buesum"]
[Date "2015.10.04"]
[Round "6"]
[White "Petersen, Guenter"]
[Black "David, Juergen"]
[Result "1-0"]
[WhiteElo "1609"]
[BlackElo "1350"]
[PlyCount "45"]
[EventDate "2015.09.28"]
[EventType "swiss"]
[EventRounds "9"]
[EventCountry "GER"]
[SourceTitle "EXT 2018"]
[Source "ChessBase"]
[SourceDate "2017.10.13"]
[SourceVersion "1"]
[SourceVersionDate "2017.10.13"]
[SourceQuality "1"]

1. e4 c5 2. Nf3 Nc6 3. d4 cxd4 4. Nxd4 e6 5. Nc3 Bb4 6. Ndb5 d5 7. exd5 exd5 8. Bf4 Kf8 9. a3 Bxc3+ 10. bxc3 Qa5 11. Bd6+ Nge7 12. Qxd5 Be6 13. Bxe7+ Kg8 14. Qc5 a6 15. Nd4 Qxc5 16. Bxc5 Bd5 17. Nxc6 Bxc6 18. f3 h5 19. Bd3 Re8+ 20. Kd2 Rh6 21. Rhe1 Rc8 22. Re7 Bxf3 23. Be3 1-0

[Event "Schleswig Holstein-ch Seniors op 9th"]
[Site "Buesum"]
[Date "2015.09.30"]
[Round "3"]
[White "Petersen, Kay"]
[Black "Petersen, Guenter"]
[Result "1-0"]
[WhiteElo "1746"]
[BlackElo "1609"]
[PlyCount "57"]
[EventDate "2015.09.28"]
[EventType "swiss"]
[EventRounds "9"]
[EventCountry "GER"]
[SourceTitle "EXT 2018"]
[Source "ChessBase"]
[SourceDate "2017.10.13"]
[SourceVersion "1"]
[SourceVersionDate "2017.10.13"]
[SourceQuality "1"]

1. e4 e5 2. Nf3 Nc6 3. d4 exd4 4. Nxd4 Nf6 5. Qd3 Ne5 6. Qe2 Bc5 7. c3 0-0 8. f3 d5 9. Bg5 dxe4 10. Bxf6 Qxf6 11. fxe4 Re8 12. Nd2 Qe7 13. 0-0-0 Bg4 14. N4f3 Rad8 15. Nb3 Rxd1+ 16. Qxd1 Rd8 17. Nbd4 Nc6 18. Qc2 Bxd4 19. cxd4 Nxd4 20. Nxd4 c5 21. Nf3 Bxf3 22. gxf3 Qg5+ 23. Kb1 Qe3 24. Qe2 Qf4 25. Kc2 c4 26. h3 c3 27. bxc3 a6 28. Bg2 Qd6 29. Rd1 1-0

[Event "Schleswig Holstein-ch Seniors"]
[Site "Leck"]
[Date "2014.04.18"]
[Round "9"]
[White "Petersen, Guenter"]
[Black "Howe, Dietrich"]
[Result "0-1"]
[WhiteElo "1416"]
[BlackElo "1749"]
[PlyCount "74"]
[EventDate "2014.04.12"]
[EventType "swiss"]
[EventRounds "9"]
[EventCountry "GER"]
[SourceTitle "EXT 2018"]
[Source "ChessBase"]
[SourceDate "2017.10.13"]
[SourceVersion "1"]
[SourceVersionDate "2017.10.13"]
[SourceQuality "1"]

1. e4 c5 2. Nf3 e6 3. d4 cxd4 4. Nxd4 a6 5. a4 Qc7 6. Nc3 Nf6 7. Bg5 Be7 8. Bd3 0-0 9. 0-0 b6 10. Nf3 d6 11. Qe2 Nbd7 12. Rfe1 Bb7 13. h3 Rac8 14. Bxa6 Nc5 15. Bxb7 Qxb7 16. e5 dxe5 17. Nxe5 h6 18. Bh4 Rfd8 19. Rad1 Ncd7 20. Nxd7 Rxd7 21. Rxd7 Qxd7 22. Rd1 Qc6 23. Rd3 Qc4 24. Bg3 Qb4 25. Nd1 Qxa4 26. b3 Qa2 27. Nc3 Qa1+ 28. Kh2 Rxc3 29. Be5 Rxc2 30. Qxc2 Qxe5+ 31. g3 Nd5 32. Rf3 Bc5 33. Kg2 Nb4 34. Qd1 Bd4 35. Qc1 Bc5 36. Qd2 Qe4 37. Qd8+ Kh7 0-1